Matador (Registro nro. 17815)

Detalles MARC
000 -LDR (LÍDER)
Campo de control de longitud fija 01641nam a2200325 a 4500
003 - IDENTIFICADOR DEL NÚMERO DE CONTROL
Campo de control CO-PeBPR
005 - FECHA Y HORA DE LA ÚLTIMA TRANSACCIÓN
Campo de control 20260429093646.0
008 - ELEMENTOS DE DATOS DE LONGITUD FIJA--INFORMACIÓN GENERAL
Campo de control de longitud fija 260415e2025 ck a|||| n||| 00| 0 spa c
020 ## - Código Internacional normalizado para libros
Código Internacional normalizado para libros 9786287609303
040 0# - FUENTE DE CATALOGACIÓN
Agencia catalogadora original CO-PeBPR
Idioma de la agencia catalogadora spa
Agencia que transcribe CO-PeBPR
Norma para la descripción rda
041 0# - Código del Idioma
Código idioma del recurso original spa
082 04 - NÚMERO DE CLASIFICACIÓN DECIMAL DEWEY
Número de clasificación (i) Br863 P671m
100 1# - ASIENTO PRINCIPAL--NOMBRE PERSONAL
Nombre personal Piroli, Wander
Fechas asociadas al nombre 1931
Términos de relación autor
245 ## - MENCIÓN DE TÍTULO
Título propiamente dicho Matador
Mención de responsabilidad / Wander Piroli ; ilustraciones de Odilon Moraes ; traducción de Beatriz Eugenia Peña Trujillo
250 ## - MENCIÓN DE EDICIÓN
Mención de edición Edición especial
264 #1 - Área de la Producción Publicación, Distribución, Manufactura, etc.
Lugar de publicación, distribución, etc. Bogotá, Colombia
Nombre de la editorial, distribuidor, etc. : Babel Libros
Fecha de publicación, distribución, etc. , 2025
300 ## - DESCRIPCIÓN FÍSICA
Extensión 40 páginas
Otros detalles físicos : ilustraciones a color
Dimensiones ; 23 centímetros
336 ## - Tipo de Contenido
Tipo de contenido texto
Código de tipo de contenido txt
Fuente rdacontenido
337 ## - Tipo de Medio
Tipo de Medio sin mediación
Código de tipo de medio n
Fuente rdamedio
338 ## - Tipo de Soporte
Tipo de soporte volumen
Código de tipo de soporte nc
Fuente rdasoporte
490 ## - MENCIÓN DE SERIE
Título de la serie Plan Nacional de Lectura, Escritura y Oralidad / Ministerio de las Culturas, las Artes y los Saberes.
520 ## - NOTA DE RESUMEN, ETC.
Nota de sumario La vergüenza de confesar el primer error nos lleva a muchos otros. Esta es la sentencia de La Fontaine que sirve de epígrafe a la historia de El Matador, un libro álbum que da cuenta de la crueldad a la que se puede ser compelido durante la infancia por el temor de parecer diferente a los demás. Una corta historia despiadada que al final rotos varios corazones, sin remedio. Tomado de la contracubierta del libro.
521 ## - NOTA DE AUDIENCIA
Nota de audiencia Recomendado para 7 a 12 años.
650 14 - ASIENTO SECUNDARIO DE MATERIA - TÉRMINO TEMÁTICO
Fuente del encabezado o término LEMB
Encabezamiento temático Cuentos infantiles brasileños
650 14 - ASIENTO SECUNDARIO DE MATERIA - TÉRMINO TEMÁTICO
Fuente del encabezado o término LEMB
Encabezamiento temático Remordimiento en la literatura
650 14 - ASIENTO SECUNDARIO DE MATERIA - TÉRMINO TEMÁTICO
Fuente del encabezado o término LEMB
Encabezamiento temático Culpa moral en niños en la literatura
700 1# - ASIENTO SECUNDARIO - NOMBRE PERSONAL
Nombre personal Moraes, Odilon
Fechas asociadas al nombre 1966
Término de relación, rol en la obra ilustrador
700 1# - ASIENTO SECUNDARIO - NOMBRE PERSONAL
Nombre personal Peña Trujillo, Beatriz Eugenia
Término de relación, rol en la obra traductora
942 ## - ENTRADA DE ELEMENTOS AGREGADOS (KOHA
Fuente de clasificación o esquema de estantería. Dewey Decimal Classification
Tipo de ítem Literatura Infantil
Existencias
Estado de pérdida Fuente del sistema de clasificación o colocación Estado de daño No disponible para préstamo Colección Biblioteca de origen Biblioteca actual Ubicación en estantería Signatura topográfica completa Ejemplar Código de barras Tipo de ítem Fecha de adquisición Fuente de adquisición Total de pagos Fecha de la última vez visto
  Dewey Decimal Classification     Infantil Sala de Patrimonio Bibliográfico y Documental - Biblioteca Departamental Sala de Patrimonio Bibliográfico y Documental - Biblioteca Departamental Área Infantil (i) Br863 P671m Ej.1 RIBPD16091 Literatura Infantil 29/04/2026 Dotación MinCultura y BNC   29/04/2026